<?xml version="1.0" encoding="UTF-8"?><?xml-stylesheet type="text/xsl" href="static/style.xsl"?><OAI-PMH xmlns="http://www.openarchives.org/OAI/2.0/" xmlns:xsi="http://www.w3.org/2001/XMLSchema-instance" xsi:schemaLocation="http://www.openarchives.org/OAI/2.0/ http://www.openarchives.org/OAI/2.0/OAI-PMH.xsd"><responseDate>2026-04-14T02:10:56Z</responseDate><request verb="GetRecord" identifier="oai:www.recercat.cat:10230/42772" metadataPrefix="marc">https://recercat.cat/oai/request</request><GetRecord><record><header><identifier>oai:recercat.cat:10230/42772</identifier><datestamp>2025-12-26T11:27:48Z</datestamp><setSpec>com_2072_6</setSpec><setSpec>col_2072_452952</setSpec></header><metadata><record xmlns="http://www.loc.gov/MARC21/slim" xmlns:dcterms="http://purl.org/dc/terms/" xmlns:xsi="http://www.w3.org/2001/XMLSchema-instance" xmlns:doc="http://www.lyncode.com/xoai" xsi:schemaLocation="http://www.loc.gov/MARC21/slim http://www.loc.gov/standards/marcxml/schema/MARC21slim.xsd">
   <leader>00925njm 22002777a 4500</leader>
   <datafield ind2=" " ind1=" " tag="042">
      <subfield code="a">dc</subfield>
   </datafield>
   <datafield ind2=" " ind1=" " tag="720">
      <subfield code="a">Falcao, Felipe</subfield>
      <subfield code="e">author</subfield>
   </datafield>
   <datafield ind2=" " ind1=" " tag="720">
      <subfield code="a">Bozkurt, Baris</subfield>
      <subfield code="e">author</subfield>
   </datafield>
   <datafield ind2=" " ind1=" " tag="720">
      <subfield code="a">Serra, Xavier</subfield>
      <subfield code="e">author</subfield>
   </datafield>
   <datafield ind2=" " ind1=" " tag="720">
      <subfield code="a">Andrade, Nazareno</subfield>
      <subfield code="e">author</subfield>
   </datafield>
   <datafield ind2=" " ind1=" " tag="720">
      <subfield code="a">Baysal, Ozan</subfield>
      <subfield code="e">author</subfield>
   </datafield>
   <datafield ind2=" " ind1=" " tag="260">
      <subfield code="c">2019-11-07T10:08:40Z</subfield>
   </datafield>
   <datafield ind2=" " ind1=" " tag="260">
      <subfield code="c">2019-11-07T10:08:40Z</subfield>
   </datafield>
   <datafield ind2=" " ind1=" " tag="260">
      <subfield code="c">2019</subfield>
   </datafield>
   <datafield ind2=" " ind1=" " tag="520">
      <subfield code="a">Comunicació presentada a: 20th annual conference of the International Society for Music Information Retrieval (ISMIR) celebrat del 4 al 8 de novembre de 2019 a Delft, Països Baixos.</subfield>
   </datafield>
   <datafield ind2=" " ind1=" " tag="520">
      <subfield code="a">This work presents a novel dataset comprised of audio and&#xd;
jury evaluations for rhythmic pattern reproduction performances by students applying for a conservatory. Data was&#xd;
collected in-loco during entrance exams where students&#xd;
were asked to imitate a set of rhythmic patterns played by&#xd;
teachers. In addition to the pass or fail grades provided&#xd;
by the members of the jury during the exam sessions, a&#xd;
subset of the data was also evaluated by external annotators on a 4-level scale. A baseline automatic assessment&#xd;
system is presented to demonstrate the usefulness of the&#xd;
dataset. Preliminary results deliver an accuracy of 76% for&#xd;
a simple pass/fail logistic regression classifier and a mean&#xd;
average error of 0.59 for a linear regression grade estimator. The implementation is also made publicly available to&#xd;
serve as baseline for alternative assessments systems that&#xd;
may leverage the dataset.</subfield>
   </datafield>
   <datafield ind2=" " ind1=" " tag="520">
      <subfield code="a">This work was conducted during a visiting scholar period at Universitat Pompeu Fabra, sponsored by the Capes&#xd;
Foundation within the Ministry of Education, Brazil (grant&#xd;
n. 88881.189929/2018-01). The dataset was collected during a project funded by the Scientific and Technological&#xd;
Research Council of Turkey, TUBITAK, Grant [215K017].</subfield>
   </datafield>
   <datafield ind2="0" ind1="0" tag="245">
      <subfield code="a">A Dataset of rhythmic pattern reproductions and baseline automatic assessment system</subfield>
   </datafield>
</record></metadata></record></GetRecord></OAI-PMH>